MDQL
is popping MORE tags! Check the
thread
!
Quizzes
Events
Quiz Creation
Community
Videos
Private Events
Remove Ads
Sign In
Join for FREE
Feedback
Dark Mode
Quiz Categories
Sports
Geography
Music
Movies
Television
Just For Fun
Miscellaneous
History
Literature
Language
Science
Gaming
Entertainment
Religion
Holiday
For Kids
Quiz Lab
Recent
Popular Today
Quiz Kudos Today
Editor Picks
Curator Picks
Quizzes by...
Day
Popularity
Type
Ratings
Length
Year
Community
Subscriptions
Recent Discussions
Orange Saloon
Badges
Playlists
Quests
Create
Leaderboards
Showdown
Live 5
Trivia Bingo
Activity
Puzzle Library
Sporcle Events
Private Events
Virtual Trivia
Globe League
Become a Host
Pub Owners
SporcleCon
Opinionation
Our Games
Videos
Blog
Mobile Apps
Partnerships
Remove Ads and Go Orange
Feedback
Just For Fun
Clickable
Get the Picture
Humor
Quick Pick
Word Ladder
Missing Word
Mixed Word
Blitz
Minefield
This or That
Alphabet
Color
Typing
Sporcle
Puzzle
Word Play
Follow That Line
Logic
Just For Fun
Clickable
Get the Picture
Humor
Quick Pick
Word Ladder
Missing Word
Mixed Word
Blitz
Minefield
This or That
Alphabet
Color
Typing
Sporcle
Puzzle
Word Play
Follow That Line
Logic
Random Quiz
Search Sporcle
×
Quiz Lab
Quiz Lab
Just For Fun
green
Type in answers that appear in a list
Type in answers that appear in a list
Classic
Best Score? Go Orange.
Green Things Stats
Can you name the things that are green?
By
tylerkermit
20m
20 Questions
139 Plays
139 Plays
139 Plays
Comments
Comments
Give Quiz Kudos
Give Quiz Kudos
-
- Ratings
hide this ad
Replay
Link that replays current quiz
Next Quiz
Link to next quiz in quiz playlist
You Got
0%
They Got
Avg Score
66%
Avg Friend Score
Upgrade to see
Score Distribution
Jump to the score distribution portion of the page
Score
0/20
Timer
20:00
0
Plays Today
facts
green thing
% Correct
cows can graze on this
grass
93.5%
a fruit similar to lemons
lime
89.9%
ogre
Shrek
83.5%
Mario's brother
Luigi
81.3%
famous frog
Kermit the Frog
80.6%
trees have these
leaf
80.6%
grouch that lives in a trash can
Oscar the Grouch
78.4%
a leafy vegetable
lettuce
77%
the only vegetable that starts with z
zucchini
77%
a vegetable that looks like a small tree
broccoli
75.5%
facts
green thing
% Correct
Shrek's wife
Fiona
71.2%
an insect that can jump
grasshopper
70.5%
character in Monsters Inc
Mike
69.8%
a fictional character for St. Patrick's Day
leprechaun
69.1%
the thing for St. Patrick's Day
shamrock
59.7%
a carnivorous insect
praying mantis
50.4%
green Teletubby
Dipsy
38.8%
a fruit that grows on trees
pear
34.5%
aliens from Toy Story
Little Green Men
22.3%
caterpillar from a bug's life
Heimlich
21.6%
Quiz Playlist
Details
Report
Send in Message
Add To Playlist
Classic:
Type in answers that appear in a list
Last Updated: Feb 16, 2017
Quiz Scoreboard
CHALLENGE
Sign Up to Join the Scoreboard
Show All
Scores
Hide
Comments
May contain spoilers
Recently Published
Find the 'City' Movie
by crazypaving
Movies
60s
5x2 Blitz: Bands
by SL_Kpop136
Music
30s
Colored Red Africa Blitz
by spor1
Geography
30s
More to Explore
Quiz From the Vault
Featured Blog Post
14 Easter Pick-up Lines to Find Eggs With
hide this ad
You Might Also Like...
Tags
green
Today's Top Quizzes in Just For Fun
Browse Just For Fun
hide this ad
Today's Top Quizzes in green
Browse green
Top Contributed Quizzes in Just For Fun
1
Avatar the Last Airbender: Logic Puzzle
2
Name Just One - 10 to 1: Just For Fun
3
Missing Word: 2-Letter A-Z II
4
Missing Letter Whitney Houston Songs
5
Survivor Winners Logic Puzzle
6
Shadowhunters Protagonists Logic Quiz
7
Quick 5-Color Logic (18)
8
Medium Renzoku Puzzle 11
9
It's Magic / Witchcraft 🎩🪄🧙♀️
10
Killer Double Trees 224 - Colour Match-Up
Explore More
Trending Topics
NBA
Crossword
Marvel
Kpop
Harry Potter
Disney
Anime
NFL
Pokémon
Puzzle
WWE
Country
The Office
Song
Soccer
hide this ad
More By:
tylerkermit
Quiz
Plays
Rating
Category
Featured
Created
Famous People Born February 17th
4,162
4.20
History
Jun 29, 2019
Animated Movies In the 21st Century
944
1.00
Movies
Feb 24, 2016
Highest Grossing Actors 1-300
684
3.00
Movies
Feb 20, 2019
Famous People Born February 18th
408
History
Jun 29, 2019
Famous People Born December 13th
404
4.67
History
Jul 18, 2020
Go to Creator's Profile
Score Distribution
Quiz Creator Spotlight
tylerkermit
Follow
Send a Message
Quizzes Created
-
Created Quiz Play Count
-
More By This Creator
Popular Quizzes Today
1
Colored Red Africa Blitz
2
Find the 'City' Movie
3
Find the US States - No Outlines Minefield
4
5x2 Blitz: Bands
5
The Countries of the World
6
Find the US States
7
US States
8
Find the Countries of Europe - No Outlines Minefield
More Just For Fun Quizzes
Quick Pick: Green Bay Packers QBs
Published
Trending Quizzes
Colored Red Europe Blitz I
Colored Red Africa Blitz II
Colored Red Europe Blitz II
Colored Red Africa Blitz III
Colored Red Europe Blitz III
Recently Updated
How Do You Spell That?
pecheneg
Godzilla Movies
pecheneg
Grab Bag: 4-10 Letters
pecheneg
2024 March Madness Bracket
pecheneg
Famous TV Couples
Peacemaker
Champions League XIs: Real Madrid
pecheneg
Largest US Cities 1790-2010
pecheneg
Rides in Walt Disney World
pecheneg
Most Oscar Losses (Acting)
pecheneg
Beyoncé Albums
pecheneg
Trending Topics
NBA
Marvel
Disney
Kpop
Anime
Crossword
Harry Potter
The Office
Soccer
WWE
Country
NFL
Pokémon
Puzzle
Song
Your Account Isn't Verified!
In order to create a playlist on Sporcle, you need to verify the email address you used during registration. Go to your
Sporcle Settings
to finish the process.
Report this User
Report this user for behavior that violates our
Community Guidelines
.
Details:
Send Report
Go to the Sporcle.com Mobile Site →
Comments